25 Nomes mais populares do Brasil começando com B - Statistics

Estatísticas Gerais
  • Esse quiz foi jogado 496 vezes
  • A pontuação média é 12 de 25
Estatísticas das Respostas
# NOMES FREQUÊNCIA % Correto
1 Bruno 668.217
95%
2 Bruna 463.548
94%
4 Bianca 233.715
89%
3 Beatriz 356.351
84%
10 Bernardo 56.893
80%
6 Bárbara 171.342
73%
9 Breno 112.597
73%
8 Brenda 121.251
63%
19 Benício 9.389
52%
14 Bento 20.353
51%
18 Benjamin/Benjamim 9.576
43%
7 Benedita 128.850
39%
5 Benedito 214.024
38%
13 Berenice 24.253
38%
17 Bartolomeu 13.527
35%
12 Bryan/Brian 24.432
34%
16 Brendo 13.537
33%
11 Bernadete 36.211
28%
15 Betânia 19.500
25%
21 Bráulio 7.725
24%
22 Benta 7.457
23%
20 Brás 8.783
17%
24 Brígida 6.619
16%
25 Baltazar 6.352
11%
23 Balbina 7.190
5%
Nenhum quiz correspondente encontrado
Distribuição das Pontuações
Porcentagem de Pessoas com Cada Pontuação
Percentil de Números Respondidos
Sua Pontuação Histórica
Você não jogou esse quiz